| 000 | 03011cam a22005174a 4500 | ||
|---|---|---|---|
| 001 | muse54580 | ||
| 003 | MdBmJHUP | ||
| 005 | 20210127151125.0 | ||
| 006 | m o d | ||
| 007 | cr||||||||nn|n | ||
| 008 | 160630r20162015ne o 00 0 eng d | ||
| 020 | _a9789400602106 | ||
| 020 | _a9400602103 | ||
| 020 | _z9789087282264 | ||
| 020 | _z9087282265 | ||
| 035 | _a(OCoLC)966875645 | ||
| 040 |
_aMdBmJHUP _cMdBmJHUP |
||
| 050 | 4 |
_aZ107 _b.M365 2015 |
|
| 245 | 0 | 0 |
_aManuscripts of the Latin Classics 800-1200 _cedited by Erik Kwakkel. |
| 264 | 1 | _bProject Muse, | |
| 264 | 3 | _bProject MUSE, | |
| 300 |
_a1 online resource (224 pages) : _billustrations, facsimiles (some color). |
||
| 490 | 0 | _aStudies in medieval and Renaissance book culture | |
| 500 | _aIssued as part of book collections on Project MUSE. | ||
| 504 | _aIncludes bibliographical references and index. | ||
| 505 | 0 | _aManuscripts of the Latin classics : 800-1200 : an introduction / Erik Kwakkel -- Carolingian scholarship on classical authors : practices of reading and writing / Mariken Teeuwen -- The transmission of Tibullus in the tenth and eleventh centuries / Robert G. Babcock -- Diagrams of knowledge and rhetoric in manuscripts of Cicero's De inventione / Irene O'Daly -- Classics on scraps : classical manuscripts made from parchment waste / Erik Kwakkel -- Living with Ovid : the founding of Arnulf of Orleans' Thebes / David T. Gura -- William of Malmesbury and the classics : new evidence / Rodney Thomson. | |
| 506 | 0 |
_aOpen Access _fUnrestricted online access _2star |
|
| 520 | _aThis book brings together six expert contributors to examine the production and use of medieval manuscripts containing classical Latin texts. The contributors consider everything from the physical qualities of the manuscripts to what we can learn about how their readers used and interacted with them; ultimately, they also make a case for the value of studying not just specific classical manuscripts, but distinct groups of them, showing how such a collective approach can add to our understanding of how they functioned in medieval society. | ||
| 588 | _aDescription based on print version record. | ||
| 650 | 0 | _aManuscripts, Latin (Medieval and modern) | |
| 655 | 0 | _aElectronic books. | |
| 655 | 7 |
_aElectronic books. _2local |
|
| 700 | 1 |
_aKwakkel, Erik, _d1970- _eeditor. |
|
| 710 | 2 |
_aProject Muse, _edistributor. |
|
| 776 | 1 | 8 |
_iPrint version: _z9087282265 _z9789087282264 |
| 710 | 2 |
_aProject Muse. _edistributor |
|
| 830 | 0 | _aStudies in medieval and Renaissance book culture. | |
| 830 | 0 | _aBook collections on Project MUSE. | |
| 856 | 4 | 0 |
_zFull text available: _uhttps://muse.jhu.edu/book/46331/ |
| 945 | _aProject MUSE - 2015 Complete Supplement | ||
| 945 | _aProject MUSE - 2015 Literature Supplement | ||
| 999 |
_c24698 _d24698 |
||